| 000 | 00729nam a22002057a 4500 | ||
|---|---|---|---|
| 005 | 20251108164101.0 | ||
| 008 | 250721s1992 xx 000 0 ara d | ||
| 082 | 1 | 4 | _a325,3/تبع |
| 100 | 1 | _aأمين، سمير | |
| 245 | 1 | 0 | _aالتبعية في عالم متغير / |
| 264 | 1 |
_aنيقوسيا : _bمؤسسة عيبال للدراسات والنشر، _c1992. |
|
| 300 | _a499ص. | ||
| 490 | 0 | _aكتب متخصصة في العلوم الأجتماعية شعارها العقلانية - المعاصرة- الديمقراطية ؛ 3 | |
| 650 | 1 | 7 | _aالإستعمار |
| 650 | 1 | 7 | _aالبلدان النامية |
| 650 | 1 | 7 | _aالإقتصاد |
| 650 | 1 | 7 | _aتاريخ العرب |
| 942 |
_2ddc _cBK |
||
| 999 |
_c3184 _d3184 |
||